| 000 | 00749cam a2200277 i 4500 | ||
|---|---|---|---|
| 999 |
_c9843 _d9843 |
||
| 001 | 9843 | ||
| 003 | BD-JhCC | ||
| 005 | 20180402095325.0 | ||
| 008 | 180402s1979 caua b 001 0 eng | ||
| 020 | _a0874844177 | ||
| 035 | _a(BD-JhCC)9843 | ||
| 040 |
_aDLC _cDLC _dDLC _dBD-JhCC |
||
| 041 | _aeng | ||
| 050 | 0 | 0 |
_aQH308.2 _b.E2 |
| 082 | 0 | 0 |
_a574 _bEAS 1979 |
| 100 | 1 | _aEaston, Thomas A. | |
| 245 | 1 | 0 |
_aBioscope / _cThomas A. Easton, Carl E. Rischer. |
| 250 | _a1st ed. | ||
| 260 |
_aPalo Alto, Calif. : _bMayfield Pub. Co., _cc1979. |
||
| 300 |
_axiv, 592 p. : _bill. ; _c26 cm. |
||
| 504 | _aIncludes bibliographies and index. | ||
| 650 | 0 | _aBiology. | |
| 700 | 1 | _aRischer, Carl E., | |
| 942 |
_2ddc _cBK |
||